| 000 | 01088nam a2200241Ia 4500 | ||
|---|---|---|---|
| 999 |
_c34956 _d34956 |
||
| 001 | 785 | ||
| 003 | GE_BSU | ||
| 005 | 20220921115636.0 | ||
| 008 | 181216s1997||||ge |||||||||||||| ||geo|| | ||
| 020 | _a5511007188 | ||
| 040 | _cGE_BSU | ||
| 041 | _ageo | ||
| 080 | _a008(094)(479.22) ლ-85 | ||
| 100 |
_aლორთქიფანიძე, გ. _91484 |
||
| 245 |
_aქართული კულტურის ისტორია : _b(უძველესი დროიდან XIX საუკუნის პირველი ნახევრის ბოლომდე) / _cგურამ ლორთქიფანიძე; [რედ.: ვ. ბერიძე]. |
||
| 264 |
_aთბილისი : _b თბილ. უნ-ტის გამ-ბა, _c1997. |
||
| 300 |
_a29 გვ.; _b20 სმ. |
||
| 504 | _aბიბლიოგრ.: გვ. 371. | ||
| 541 | _h8 ლ. | ||
| 653 | _aქართული კულტურის ისტორია | ||
| 700 |
_aჩიქოვანი, ნინო _eავტორი _92906 |
||
| 942 |
_cBK _2udc |
||